00591nam a2200169 i 4500001000700000003000900007005001700016007000300033008004100036245010900077260005400186300004200240651003100282700003100313700003900344852003800383189877ES-MaACL20251001181039.0t|191216s19131914xxkb |||| | eng d04aThe political history of England b: in twelve volumes / cedited by William Hunt and Reginald L. Poole. aLondon : bLongmans, Green, and Co., c1913-1914. a12 v. con mapas col. pleg. ; c23 cm. 4aGran Bretaña-xHistoria.1 aHunt, William, d1842-19311 aPoole, Reginald Lane (d1857-1939) aES-MaACLjB-103-14 z- Enc. cart.